<?xml version="1.0" encoding="UTF-8"?>
<record
    xmlns:xsi="http://www.w3.org/2001/XMLSchema-instance"
    xsi:schemaLocation="http://www.loc.gov/MARC21/slim http://www.loc.gov/standards/marcxml/schema/MARC21slim.xsd"
    xmlns="http://www.loc.gov/MARC21/slim">

  <leader>01164nam a22001937a 4500</leader>
  <controlfield tag="001">9441</controlfield>
  <controlfield tag="003">FISKH</controlfield>
  <controlfield tag="005">20260108113116.0</controlfield>
  <controlfield tag="008">260108b        cb ||||| |||| 00| 0 eng d</controlfield>
  <datafield tag="040" ind1=" " ind2=" ">
    <subfield code="a">FISKH</subfield>
    <subfield code="b">eng</subfield>
    <subfield code="c">FISKH</subfield>
    <subfield code="d">FISKH</subfield>
  </datafield>
  <datafield tag="082" ind1=" " ind2=" ">
    <subfield code="a">959.603</subfield>
  </datafield>
  <datafield tag="100" ind1=" " ind2=" ">
    <subfield code="a">Anonymous </subfield>
  </datafield>
  <datafield tag="245" ind1=" " ind2=" ">
    <subfield code="a">Phnom Penh : </subfield>
    <subfield code="b"> Capital City &amp; Surroundings &#x2013; A Contemporary Metropolis with Lots to Offer / </subfield>
    <subfield code="c">By Annonymous</subfield>
  </datafield>
  <datafield tag="260" ind1=" " ind2=" ">
    <subfield code="a">Phnom Penh : </subfield>
  </datafield>
  <datafield tag="300" ind1=" " ind2=" ">
    <subfield code="a">54 pages : </subfield>
    <subfield code="b">color illustrations ; </subfield>
    <subfield code="c">21 cm . </subfield>
  </datafield>
  <datafield tag="520" ind1=" " ind2=" ">
    <subfield code="a">This book presents Phnom Penh, Cambodia&#x2019;s capital, as a modern metropolis full of history, culture, and attractions. It explores the city&#x2019;s landmarks, museums, markets, riverside areas, and cultural sites, while also covering the surrounding regions. Designed for tourists, students, and general readers, the book highlights urban development, lifestyle, and local traditions, offering practical travel information alongside insights into the city&#x2019;s historical and contemporary significance. Through photographs and descriptive narratives, it showcases Phnom Penh as a dynamic destination with much to explore.</subfield>
  </datafield>
  <datafield tag="942" ind1=" " ind2=" ">
    <subfield code="2">ddc</subfield>
    <subfield code="c">BK</subfield>
    <subfield code="n">0</subfield>
  </datafield>
  <datafield tag="999" ind1=" " ind2=" ">
    <subfield code="c">9441</subfield>
    <subfield code="d">9441</subfield>
  </datafield>
  <datafield tag="952" ind1=" " ind2=" ">
    <subfield code="0">0</subfield>
    <subfield code="1">0</subfield>
    <subfield code="2">ddc</subfield>
    <subfield code="4">0</subfield>
    <subfield code="7">0</subfield>
    <subfield code="8">REF</subfield>
    <subfield code="a">002</subfield>
    <subfield code="b">002</subfield>
    <subfield code="c">LSHTTP</subfield>
    <subfield code="d">2026-01-08</subfield>
    <subfield code="l">0</subfield>
    <subfield code="o">ANO 959.603</subfield>
    <subfield code="p">2026-0015</subfield>
    <subfield code="r">2026-01-08 11:31:13</subfield>
    <subfield code="w">2026-01-08</subfield>
    <subfield code="y">BK</subfield>
  </datafield>
</record>
